History Quiz

Random History or World Quiz

WWI Peace Treaties Quiz Stats

 Plays Quiz Updated Feb 10, 2020

Support Sporcle.
Go Orange.
Score 0/12 Timer 06:00
0 Plays Today
Parties Treaty % Correct
Allies — GermanyTreaty of Versailles
94.6%
Central Powers — RussiaTreaty of Brest-Litovsk
38.3%
U.S.A. — GermanyTreaty of Berlin
23.8%
U.S.A. — AustriaTreaty of Vienna
21.9%
Allies — HungaryTreaty of Trianon
18.8%
U.S.A. — HungaryTreaty of Budapest
17.4%
Allies — Ottoman EmpireTreaty of Sèvres
17.3%
Allies — AustriaTreaty of Saint-Germain-en-Laye
16.7%
German Empire — RomaniaTreaty of Bucharest
14.5%
Allies — TurkeyTreaty of Lausanne
12.2%
Allies — BulgariaTreaty of Neuilly-sur-Seine
10.3%
China — GermanySino-German Treaty
2.8%

From the Vault

TV Debuts: 2010

by SporcleEXP

We hope you can remember this far back.
Remove Ads.
Support Sporcle.
Get the best of Sporcle when you Go Orange. This ad-free experience offers more features, more stats, and more fun while also helping to support Sporcle. Thank you for becoming a member.

Show Comments

Extras

Top Quizzes Today


Score Distribution

Your Account Isn't Verified!

In order to create a playlist on Sporcle, you need to verify the email address you used during registration. Go to your Sporcle Settings to finish the process.

Report this User

Report this user for behavior that violates our Community Guidelines.

Details: